00354nam a2200145Ia 4500008004100000020001500041041000800056082001700064100001900081245002900100250000600129260003300135300001200168650002800180210716s2004 xx 000 0 und d a8174464956 aeng a658.848 VASP aVasudeva, P K. aInternational marketing. a3 aNew DelhibExcel Booksc2004 axvi,628 aInternational Marketing